[Event "North Island-ch Staurt Memorial"]
[Site "Auckland"]
[Date "2023.07.16"]
[Round "8"]
[White "Ang, Alphaeus Wei Ern"]
[Black "Park Tamati, Philli"]
[Result "1/2-1/2"]
[WhiteElo "2280"]
[BlackElo "1911"]
[PlyCount "56"]
[EventDate "2023.07.13"]
[EventType "swiss"]
[EventRounds "8"]
[EventCountry "NZL"]
[SourceTitle "EXT 2024"]
[Source "ChessBase"]
[SourceDate "2023.10.10"]
[SourceVersion "1"]
[SourceVersionDate "2023.10.10"]
[SourceQuality "1"]

1. d4 Nf6 2. c4 e6 3. Nf3 Bb4+ 4. Nbd2 d6 5. e3 0-0 6. Bd3 Qe7 7. 0-0 e5 8. Ne4 Nxe4 9. Bxe4 exd4 10. Qc2 d3 11. Bxd3 h6 12. a3 Bc5 13. b4 Bb6 14. Bb2 Nd7 15. Rae1 c6 16. Qc3 Qf6 17. Qc1 Qd8 18. Bb1 f5 19. e4 fxe4 20. Rxe4 Nf6 21. Rh4 Ng4 22. Qc3 Ne5 23. Nxe5 Qxh4 24. Ng6 Qf6 25. Qc2 Bd4 26. Bxd4 Qxd4 27. Nxf8 Kxf8 28. Re1 Bd7 1/2-1/2

[Event "North Island-ch Staurt Memorial"]
[Site "Auckland"]
[Date "2023.07.16"]
[Round "7"]
[White "Mao, Daqi"]
[Black "Ang, Alphaeus Wei Ern"]
[Result "0-1"]
[WhiteElo "2007"]
[BlackElo "2280"]
[PlyCount "78"]
[EventDate "2023.07.13"]
[EventType "swiss"]
[EventRounds "8"]
[EventCountry "NZL"]
[SourceTitle "EXT 2024"]
[Source "ChessBase"]
[SourceDate "2023.10.10"]
[SourceVersion "1"]
[SourceVersionDate "2023.10.10"]
[SourceQuality "1"]

1. d4 d5 2. c4 e6 3. Nc3 c6 4. cxd5 exd5 5. Qc2 Bd6 6. Nf3 h6 7. h3 Nf6 8. e3 0-0 9. Bd3 Re8 10. 0-0 Qe7 11. a3 a5 12. Na4 Nbd7 13. Bd2 Ne4 14. Rfb1 Qf6 15. Nc3 Nxd2 16. Nxd2 Nf8 17. Nf1 Ng6 18. f4 Nh4 19. Qf2 g5 20. g3 Nf5 21. Re1 gxf4 22. gxf4 Kh8 23. Be2 Rg8+ 24. Kh1 Nh4 25. Ng3 Bxh3 26. Rg1 Qe6 27. Qh2 Be7 28. Qf2 Bg4 29. f5 Bxf5 30. Raf1 Bg6 31. Kh2 Bg5 32. Nd1 Rae8 33. Bh5 Rg7 34. a4 Kh7 35. b3 Re7 36. Bxg6+ fxg6 37. Qc2 Bxe3 38. Nxe3 Qxe3 39. Kh3 Nf3 0-1

[Event "North Island-ch Staurt Memorial"]
[Site "Auckland"]
[Date "2023.07.15"]
[Round "6"]
[White "Ang, Alphaeus Wei Ern"]
[Black "Middelburg, Tom"]
[Result "1/2-1/2"]
[WhiteElo "2280"]
[BlackElo "2370"]
[PlyCount "91"]
[EventDate "2023.07.13"]
[EventType "swiss"]
[EventRounds "8"]
[EventCountry "NZL"]
[SourceTitle "EXT 2024"]
[Source "ChessBase"]
[SourceDate "2023.10.10"]
[SourceVersion "1"]
[SourceVersionDate "2023.10.10"]
[SourceQuality "1"]

1. d4 Nf6 2. c4 e6 3. Nc3 Bb4 4. a3 Bxc3+ 5. bxc3 c5 6. f3 Nc6 7. e4 d6 8. Be3 b6 9. Bd3 e5 10. d5 Na5 11. Ne2 Qe7 12. 0-0 Nd7 13. Ng3 g6 14. Qe2 Ba6 15. Rfb1 h5 16. Nf1 Kd8 17. Nd2 Kc7 18. a4 Raf8 19. Nb3 f5 20. Bd2 f4 21. Nxa5 bxa5 22. Rb5 Bxb5 23. cxb5 Nf6 24. c4 g5 25. Bxa5+ Kd7 26. Be1 Rfg8 27. Kh1 Ke8 28. a5 Kf7 29. Bc2 Nd7 30. Qf2 g4 31. Qh4 Rg5 32. Bd1 Rhg8 33. Ra2 Nf8 34. Rb2 Ng6 35. Qf2 g3 36. Qg1 gxh2 37. Qxh2 Qd7 38. Bh4 Nxh4 39. Qxh4 Kg6 40. Be2 Kh6 41. Bf1 R8g6 42. Ra2 Qd8 43. Ra1 Qg8 44. Ra2 Qd8 45. Ra1 Qg8 46. Ra2 1/2-1/2

[Event "North Island-ch Staurt Memorial"]
[Site "Auckland"]
[Date "2023.07.14"]
[Round "4"]
[White "Ang, Alphaeus Wei Ern"]
[Black "Lee, Miles"]
[Result "1-0"]
[WhiteElo "2280"]
[BlackElo "1937"]
[PlyCount "51"]
[EventDate "2023.07.13"]
[EventType "swiss"]
[EventRounds "8"]
[EventCountry "NZL"]
[SourceTitle "EXT 2024"]
[Source "ChessBase"]
[SourceDate "2023.10.10"]
[SourceVersion "1"]
[SourceVersionDate "2023.10.10"]
[SourceQuality "1"]

1. d4 d5 2. c4 e6 3. Nc3 Nf6 4. Nf3 c6 5. Bg5 h6 6. Bh4 g5 7. Bg3 dxc4 8. h4 g4 9. Ne5 b5 10. e3 h5 11. Be2 Bb7 12. 0-0 Nbd7 13. f3 Bh6 14. Qd2 Rg8 15. fxg4 hxg4 16. Nxd7 Nxd7 17. Ne4 Bf8 18. Ng5 Rxg5 19. hxg5 Qxg5 20. Bf4 Qg6 21. Rad1 Nf6 22. Qe1 Ne4 23. b3 c3 24. Bd3 b4 25. Qh4 c5 26. Bb5+ 1-0

[Event "North Island-ch Staurt Memorial"]
[Site "Auckland"]
[Date "2023.07.13"]
[Round "2"]
[White "Ang, Alphaeus Wei Ern"]
[Black "Qi, Jenny"]
[Result "1-0"]
[WhiteElo "2280"]
[BlackElo "1652"]
[PlyCount "73"]
[EventDate "2023.07.13"]
[EventType "swiss"]
[EventRounds "8"]
[EventCountry "NZL"]
[SourceTitle "EXT 2024"]
[Source "ChessBase"]
[SourceDate "2023.10.10"]
[SourceVersion "1"]
[SourceVersionDate "2023.10.10"]
[SourceQuality "1"]

1. d4 Nf6 2. c4 Nc6 3. Nf3 e6 4. a3 d6 5. Nc3 g6 6. e4 Bg7 7. Be2 0-0 8. 0-0 Re8 9. Be3 Ng4 10. Bg5 f6 11. Bd2 e5 12. d5 Nb8 13. Ne1 Nh6 14. Be3 f5 15. f3 f4 16. Bf2 Nd7 17. b4 a5 18. Rc1 b6 19. Nd3 Bb7 20. c5 axb4 21. axb4 bxc5 22. bxc5 Ba6 23. cxd6 cxd6 24. Nb4 Bb7 25. Nb5 Nc5 26. Nxd6 Qxd6 27. Bxc5 Qf6 28. d6 Red8 29. Bc4+ Kh8 30. Nd5 Bxd5 31. Qxd5 Bf8 32. Bb6 Rdb8 33. Bc7 Rc8 34. Rfd1 Be7 35. dxe7 Qxe7 36. Bxe5+ Qxe5 37. Qxe5# 1-0

[Event "Auckland Trusts op 45th"]
[Site "Auckland"]
[Date "2023.06.03"]
[Round "1"]
[White "Ang, Alphaeus Wei Ern"]
[Black "Mistry, Prashant"]
[Result "1-0"]
[WhiteElo "2264"]
[BlackElo "1769"]
[PlyCount "67"]
[EventDate "2023.06.03"]
[EventType "swiss"]
[EventRounds "6"]
[EventCountry "NZL"]
[SourceTitle "EXT 2024"]
[Source "ChessBase"]
[SourceDate "2023.10.10"]
[SourceVersion "1"]
[SourceVersionDate "2023.10.10"]
[SourceQuality "1"]

1. d4 Nf6 2. c4 e6 3. Nc3 d5 4. Nf3 Nbd7 5. Bg5 Be7 6. e3 c6 7. Rc1 Qa5 8. cxd5 exd5 9. Bd3 h6 10. Bh4 Ne4 11. Bxe7 Kxe7 12. 0-0 Ndf6 13. Ne5 Be6 14. f3 Nd6 15. Qe1 Rhd8 16. b4 Qc7 17. b5 Nd7 18. bxc6 bxc6 19. Nb5 Nxb5 20. Nxc6+ Kf8 21. Bxb5 Qd6 22. Nxd8 Rxd8 23. Rc6 Qa3 24. Qc3 Qxc3 25. Rxc3 Nb8 26. Rc7 a6 27. Bd3 Bd7 28. Rb1 Ke7 29. Rcb7 Nc6 30. Bf5 Na5 31. Ra7 Nc6 32. Rxd7+ Rxd7 33. Bxd7 Kxd7 34. Rb7+ 1-0

[Event "Auckland Trusts op 45th"]
[Site "Auckland"]
[Date "2023.06.03"]
[Round "2"]
[White "Ning, Isabelle Yixuan"]
[Black "Ang, Alphaeus Wei Ern"]
[Result "0-1"]
[WhiteElo "1920"]
[BlackElo "2264"]
[PlyCount "110"]
[EventDate "2023.06.03"]
[EventType "swiss"]
[EventRounds "6"]
[EventCountry "NZL"]
[SourceTitle "EXT 2024"]
[Source "ChessBase"]
[SourceDate "2023.10.10"]
[SourceVersion "1"]
[SourceVersionDate "2023.10.10"]
[SourceQuality "1"]

1. d4 Nf6 2. c4 g6 3. Nc3 Bg7 4. e4 d6 5. h3 0-0 6. Be3 Na6 7. Nge2 c5 8. Qd2 Bd7 9. dxc5 Bc6 10. cxd6 Nxe4 11. Nxe4 Bxe4 12. Ng3 Bc6 13. c5 exd6 14. cxd6 Be5 15. Bxa6 bxa6 16. 0-0 Qxd6 17. Qxd6 Bxd6 18. Rac1 Rfc8 19. Rfd1 Bf8 20. Rc2 f5 21. Rdc1 Bd7 22. Rxc8 Bxc8 23. Ne2 Be6 24. b3 a5 25. Nd4 Bd5 26. Nb5 Be4 27. Nxa7 f4 28. Bb6 Bb4 29. Rc7 Bb1 30. Bd4 Bxa2 31. Rg7+ Kf8 32. Rxh7 Bxb3 33. Nc6 Bg8 34. Rg7 Bf7 35. Rh7 Bg8 36. Rh4 Bd6 37. Rg4 Bf7 38. Ne5 a4 39. Rxf4 Bxe5 40. Bxe5 a3 41. Re4 a2 42. Re1 Re8 43. f4 g5 44. Ra1 gxf4 45. Bxf4 Re2 46. g4 Bg6 47. Rf1 Ke8 48. Ra1 Bb1 49. g5 Kf7 50. Kf1 Bd3 51. Kg1 Ke6 52. h4 Rb2 53. Re1+ Kf5 54. Be5 Rb1 55. Kf2 Rxe1 0-1

[Event "George Trundle Masters"]
[Site "Auckland"]
[Date "2023.04.15"]
[Round "4"]
[White "Ang, Alphaeus Wei Ern"]
[Black "Yu, Zachary"]
[Result "0-1"]
[WhiteElo "2288"]
[BlackElo "1801"]
[PlyCount "72"]
[EventDate "2023.04.12"]
[EventType "tourn"]
[EventRounds "9"]
[EventCountry "NZL"]
[SourceTitle "EXT 2024"]
[Source "ChessBase"]
[SourceDate "2023.10.10"]
[SourceVersion "1"]
[SourceVersionDate "2023.10.10"]
[SourceQuality "1"]

1. d4 Nf6 2. c4 e6 3. Nc3 Bb4 4. Qc2 0-0 5. a3 Bxc3+ 6. Qxc3 b6 7. Nf3 Bb7 8. g3 d6 9. Bg2 c5 10. 0-0 Qe7 11. Rd1 Rd8 12. b4 Nbd7 13. Bb2 a5 14. dxc5 bxc5 15. bxa5 Nb8 16. Rd3 Nc6 17. Rad1 Nxa5 18. Re3 Qc7 19. h3 Rab8 20. Ba1 Bc6 21. Nd2 Bxg2 22. Kxg2 Qc6+ 23. Kh2 Qa4 24. Rc1 e5 25. f4 Nc6 26. Nf3 Nd4 27. fxe5 Rb3 28. Qd2 dxe5 29. Kg2 Qa8 30. Bxd4 Rxd4 31. Qxd4 exd4 32. Rxb3 Qe4 33. Kf2 g5 34. g4 Qf4 35. Rg1 Ne4+ 36. Kf1 Nd2+ 0-1

[Event "George Trundle Masters"]
[Site "Auckland"]
[Date "2023.04.12"]
[Round "1"]
[White "Ang, Alphaeus Wei Ern"]
[Black "Mistry, Prashant"]
[Result "1-0"]
[WhiteElo "2288"]
[BlackElo "1799"]
[PlyCount "81"]
[EventDate "2023.04.12"]
[EventType "tourn"]
[EventRounds "9"]
[EventCountry "NZL"]
[SourceTitle "EXT 2024"]
[Source "ChessBase"]
[SourceDate "2023.10.10"]
[SourceVersion "1"]
[SourceVersionDate "2023.10.10"]
[SourceQuality "1"]

1. d4 Nf6 2. c4 g6 3. Nc3 Bg7 4. e4 d6 5. Be2 c5 6. d5 Qa5 7. Bd2 0-0 8. Nf3 Bg4 9. 0-0 Nbd7 10. a3 a6 11. b4 cxb4 12. axb4 Qc7 13. Qb3 Rac8 14. Rac1 e6 15. dxe6 fxe6 16. Ng5 Bxe2 17. Nxe2 Rfe8 18. Nf4 Nf8 19. c5 Qd7 20. cxd6 h6 21. Rxc8 Qxc8 22. Nf3 Nxe4 23. Qd3 Nxd2 24. Nxd2 Kf7 25. Nxg6 Qc3 26. Nf4 Qxb4 27. Ne4 Qd4 28. Qf3 Kg8 29. Nh5 Rd8 30. g3 Kh8 31. Rc1 Nd7 32. Qf7 Rg8 33. Qxd7 Qxe4 34. Rc8 Bd4 35. Rxg8+ Kxg8 36. Qe8+ Kh7 37. Qf7+ Kh8 38. d7 Qe1+ 39. Kg2 Qe4+ 40. Kh3 Qd5 41. Nf4 1-0

[Event "Auckland Morrison Memorial"]
[Site "Auckland"]
[Date "2022.10.23"]
[Round "5"]
[White "Ang, Alphaeus Wei Ern"]
[Black "Wang, Daniel3333"]
[Result "1-0"]
[WhiteElo "2307"]
[BlackElo "1719"]
[PlyCount "63"]
[EventDate "2022.10.22"]
[EventType "swiss"]
[EventRounds "6"]
[EventCountry "NZL"]
[SourceTitle "EXT 2024"]
[Source "ChessBase"]
[SourceDate "2023.10.10"]
[SourceVersion "1"]
[SourceVersionDate "2023.10.10"]
[SourceQuality "1"]

1. d4 d5 2. c4 e6 3. Nc3 Nf6 4. Nf3 Bb4 5. Bg5 Nbd7 6. cxd5 exd5 7. e3 c5 8. dxc5 Qa5 9. Nd2 Bxc3 10. bxc3 Qxc5 11. Qb3 Ne4 12. Nxe4 dxe4 13. Bf4 0-0 14. Rd1 Qb6 15. Bd6 Re8 16. Bc4 Qxb3 17. Bxb3 Nf6 18. 0-0 Bg4 19. Rd4 Rac8 20. c4 b6 21. Rc1 Be2 22. h3 h5 23. c5 bxc5 24. Rxc5 Rxc5 25. Bxc5 a6 26. Rd6 Bb5 27. Bd4 Nh7 28. Rg6 Rd8 29. Rxg7+ Kh8 30. Bxf7 Nf8 31. Rg8+ Kh7 32. Rh8# 1-0

[Event "Auckland Morrison Memorial"]
[Site "Auckland"]
[Date "2022.10.23"]
[Round "4"]
[White "Cilia Vincenti, David"]
[Black "Ang, Alphaeus Wei Ern"]
[Result "0-1"]
[WhiteElo "1995"]
[BlackElo "2307"]
[PlyCount "46"]
[EventDate "2022.10.22"]
[EventType "swiss"]
[EventRounds "6"]
[EventCountry "NZL"]
[SourceTitle "EXT 2024"]
[Source "ChessBase"]
[SourceDate "2023.10.10"]
[SourceVersion "1"]
[SourceVersionDate "2023.10.10"]
[SourceQuality "1"]

1. c4 Nf6 2. Nc3 g6 3. e4 d6 4. g3 Bg7 5. Bg2 c5 6. Nge2 Nc6 7. d3 Nd7 8. Be3 Nf8 9. d4 cxd4 10. Nxd4 Bd7 11. f4 Qb6 12. Nd5 Qxb2 13. 0-0 Bxd4 14. Bxd4 Qxd4+ 15. Qxd4 Nxd4 16. Nc7+ Kd8 17. Nxa8 Kc8 18. e5 Kb8 19. Rfd1 dxe5 20. Rab1 Bc8 21. Rd2 Nfe6 22. Rdb2 Nc5 23. fxe5 Kxa8 0-1

[Event "North Island-ch"]
[Site "Auckland"]
[Date "2022.07.16"]
[Round "5"]
[White "Ang, Alphaeus Wei Ern"]
[Black "Po`E Tofaeono, Hunter"]
[Result "1-0"]
[WhiteElo "2307"]
[BlackElo "1452"]
[PlyCount "103"]
[EventDate "2022.07.14"]
[EventType "swiss"]
[EventRounds "9"]
[EventCountry "NZL"]
[SourceTitle "EXT 2024"]
[Source "ChessBase"]
[SourceDate "2023.10.10"]
[SourceVersion "1"]
[SourceVersionDate "2023.10.10"]
[SourceQuality "1"]

1. d4 Nf6 2. c4 g6 3. Nc3 Bg7 4. e4 d6 5. Nge2 0-0 6. Ng3 e5 7. d5 a5 8. Be2 Na6 9. h4 h6 10. h5 g5 11. Qc2 Nc5 12. Nd1 Ne8 13. Ne3 Bh8 14. Bg4 Nd7 15. Bd2 Nef6 16. Bh3 Kh7 17. 0-0-0 Rg8 18. Bf5+ Kg7 19. Kb1 c5 20. dxc6 bxc6 21. Bc3 Qc7 22. Bxd7 Bxd7 23. Ngf5+ Bxf5 24. Nxf5+ Kh7 25. Rxd6 Rge8 26. c5 Bg7 27. g3 Nd7 28. Nxg7 Kxg7 29. f4 f6 30. fxg5 hxg5 31. Qf2 Re7 32. Qf5 Rf8 33. Rhd1 Rff7 34. h6+ Kh8 35. a3 a4 36. Bb4 Qb7 37. R1d2 Qc7 38. Qf1 Rh7 39. Qd1 Rhf7 40. Qxa4 Nb8 41. Rd8+ Kh7 42. Qa8 Rd7 43. R2xd7 Rxd7 44. Rxb8 Rd1+ 45. Kc2 Rd7 46. Rh8+ Kg6 47. g4 Rh7 48. Qg8+ Kxh6 49. Rxh7+ Qxh7 50. Qxh7+ Kxh7 51. a4 f5 52. exf5 1-0

[Event "Melbourne Australasian IM"]
[Site "Melbourne"]
[Date "2019.12.21"]
[Round "8"]
[White "Ang, Alphaeus Wei Ern"]
[Black "Levi, Eddy"]
[Result "1-0"]
[WhiteElo "2195"]
[BlackElo "2132"]
[PlyCount "55"]
[EventDate "2019.12.14"]
[EventType "tourn"]
[EventRounds "9"]
[EventCountry "AUS"]
[EventCategory "1"]
[SourceTitle "CBM 193 Extra"]
[Source "ChessBase"]
[SourceDate "2020.01.31"]
[SourceVersion "1"]
[SourceVersionDate "2020.01.31"]
[SourceQuality "1"]

1. d4 Nf6 2. c4 c5 3. d5 b5 4. Qc2 bxc4 5. e4 d6 6. Bxc4 g6 7. Nf3 Bg7 8. 0-0 0-0 9. Re1 Nbd7 10. h3 Nb6 11. Bf1 Nh5 12. Nc3 e5 13. dxe6 fxe6 14. Bg5 Bf6 15. Be3 Bb7 16. Rad1 Bxc3 17. Qxc3 Rc8 18. Bh6 Rf7 19. Ng5 Re7 20. g4 Nf4 21. Qf6 e5 22. Rxd6 Rd7 23. Rxb6 axb6 24. Bc4+ Nd5 25. Qe6+ Kh8 26. exd5 Qe7 27. Qxe7 Rxe7 28. d6 1-0

[Event "Auckland Stuart Memorial op"]
[Site "Auckland"]
[Date "2019.08.24"]
[Round "2"]
[White "Thornton, Giovanni Antonio"]
[Black "Ang, Alphaeus Wei Ern"]
[Result "0-1"]
[WhiteElo "2053"]
[BlackElo "2183"]
[PlyCount "98"]
[EventDate "2019.08.24"]
[EventType "swiss"]
[EventRounds "5"]
[EventCountry "NZL"]
[SourceTitle "EXT 2023"]
[Source "ChessBase"]
[SourceDate "2022.10.05"]
[SourceVersion "1"]
[SourceVersionDate "2022.10.05"]
[SourceQuality "1"]

1. c4 Nf6 2. g3 g6 3. Bg2 Bg7 4. Nc3 0-0 5. Nf3 d6 6. d4 Nc6 7. 0-0 a6 8. h3 Rb8 9. Re1 b5 10. cxb5 axb5 11. e4 b4 12. Nd5 Nd7 13. Be3 e6 14. Nf4 Ne7 15. Rc1 Bb7 16. Nd2 e5 17. dxe5 Nxe5 18. Qc2 c5 19. Red1 Ba6 20. Nf1 Qb6 21. b3 Rfd8 22. Nd5 Nxd5 23. exd5 Bb5 24. f4 Nd7 25. Nd2 Re8 26. Bf2 Qa6 27. Bf1 Bxf1 28. Rxf1 Nb6 29. Nc4 Nxc4 30. bxc4 Bc3 31. Qb3 Ra8 32. f5 Qxa2 33. Rxc3 bxc3 34. Qxc3 Re5 35. fxg6 hxg6 36. Bxc5 Rf5 37. Bf2 Qe2 38. Qd4 Ra2 39. Qb6 Kh7 40. Qd4 g5 41. c5 Rf3 42. Kg2 Rd2 43. Qxd2 Qxd2 44. Kxf3 Qd3+ 45. Kg2 Qxd5+ 46. Kg1 dxc5 47. Rc1 c4 48. h4 gxh4 49. gxh4 Qd3 0-1

[Event "Oceania-ch U20"]
[Site "Auckland"]
[Date "2019.01.09"]
[Round "3"]
[White "Ang, Alphaeus Wei Ern"]
[Black "Cronin, Henry"]
[Result "1-0"]
[WhiteElo "2273"]
[BlackElo "1933"]
[PlyCount "63"]
[EventDate "2019.01.08"]
[EventType "swiss"]
[EventRounds "9"]
[EventCountry "NZL"]
[SourceTitle "EXT 2020"]
[Source "ChessBase"]
[SourceDate "2019.10.17"]
[SourceVersion "1"]
[SourceVersionDate "2019.10.17"]
[SourceQuality "1"]

1. d4 Nf6 2. c4 g6 3. Nc3 Bg7 4. e4 d6 5. Be2 0-0 6. Be3 c5 7. d5 e6 8. Nf3 exd5 9. cxd5 Re8 10. Nd2 b6 11. 0-0 Ba6 12. a3 Qe7 13. Bxa6 Nxa6 14. h3 Nc7 15. Rc1 Nd7 16. Re1 b5 17. b4 Ne5 18. bxc5 Nd3 19. cxd6 Qxd6 20. Nxb5 Nxb5 21. Nc4 Qa6 22. Qxd3 Nd6 23. Bc5 Rad8 24. Bxd6 Rxd6 25. Nxd6 Qxd3 26. Nxe8 Qxa3 27. Nxg7 Kxg7 28. Red1 Qd6 29. e5 Qd8 30. d6 Kf8 31. d7 Ke7 32. Rc8 1-0

[Event "Oceania-ch U20"]
[Site "Auckland"]
[Date "2019.01.08"]
[Round "2"]
[White "Yang, Ray"]
[Black "Ang, Alphaeus Wei Ern"]
[Result "1-0"]
[WhiteElo "2065"]
[BlackElo "2273"]
[PlyCount "117"]
[EventDate "2019.01.08"]
[EventType "swiss"]
[EventRounds "9"]
[EventCountry "NZL"]
[SourceTitle "EXT 2020"]
[Source "ChessBase"]
[SourceDate "2019.10.17"]
[SourceVersion "1"]
[SourceVersionDate "2019.10.17"]
[SourceQuality "1"]

1. d4 Nf6 2. c4 g6 3. g3 Bg7 4. Bg2 0-0 5. Nc3 d6 6. Nf3 c5 7. d5 e6 8. 0-0 exd5 9. cxd5 a6 10. a4 Nbd7 11. h3 Re8 12. Bf4 Qc7 13. Rc1 Rb8 14. b4 Nh5 15. Bd2 cxb4 16. Ne4 Qb6 17. Be3 Nc5 18. Nxd6 Rxe3 19. Nc4 Qa7 20. Nxe3 Bd7 21. Qc2 Bc3 22. Nd1 Bxa4 23. Qb1 Bxd1 24. Rfxd1 Re8 25. Nd4 Na4 26. e3 Nb2 27. Ne2 Nxd1 28. Rxd1 Bg7 29. Qxb4 Bf8 30. d6 Rd8 31. Qxb7 Qxb7 32. Bxb7 Rxd6 33. Rxd6 Bxd6 34. Bxa6 f5 35. Bc4+ Kg7 36. g4 fxg4 37. hxg4 Nf6 38. f3 Nd7 39. Kf2 Be7 40. f4 g5 41. Kf3 gxf4 42. Kxf4 Kf6 43. g5+ Kg7 44. Nd4 Bd6+ 45. Kf5 Nc5 46. e4 Nxe4 47. Kxe4 Kg6 48. Nf3 Bb8 49. Bd3 Kg7 50. Kf5 Ba7 51. Ne5 Bd4 52. Ng4 Bc3 53. Nf6 Bd2 54. Kg4 h6 55. Nh5+ Kh8 56. g6 Bc1 57. g7+ Kg8 58. Bc4+ Kh7 59. g8Q# 1-0

[Event "Melbourne Australasian IM"]
[Site "Melbourne"]
[Date "2018.12.22"]
[Round "8"]
[White "Levi, Eddy"]
[Black "Ang, Alphaeus Wei Ern"]
[Result "0-1"]
[WhiteElo "2049"]
[BlackElo "2118"]
[PlyCount "64"]
[EventDate "2018.12.15"]
[EventType "tourn"]
[EventRounds "9"]
[EventCountry "AUS"]
[EventCategory "1"]
[SourceTitle "CBM 187 Extra"]
[Source "ChessBase"]
[SourceDate "2018.11.04"]
[SourceVersion "1"]
[SourceVersionDate "2018.11.04"]
[SourceQuality "1"]

1. e4 d6 2. d4 Nf6 3. Nc3 g6 4. Be3 Bg7 5. Qd2 c6 6. h3 b5 7. Bd3 Nbd7 8. Nf3 e5 9. 0-0 0-0 10. Bh6 a6 11. Ne2 exd4 12. Bxg7 Kxg7 13. a4 Bb7 14. axb5 cxb5 15. Ng3 Nc5 16. Rfe1 Ne6 17. Ra3 Nd7 18. Bf1 Qf6 19. c3 Ne5 20. Nxd4 Rad8 21. Raa1 Kh8 22. Rad1 Nf4 23. Qe3 Rfe8 24. Ngf5 Nxg2 25. Bxg2 gxf5 26. Nxf5 Rg8 27. Ng3 Rg6 28. Kh2 Rdg8 29. Re2 Bc8 30. Rg1 Qh4 31. Qd4 f6 32. Bf1 Nf3+ 0-1

[Event "Melbourne Australasian IM"]
[Site "Melbourne"]
[Date "2018.12.16"]
[Round "2"]
[White "Chan, Kris"]
[Black "Ang, Alphaeus Wei Ern"]
[Result "0-1"]
[WhiteElo "2191"]
[BlackElo "2118"]
[PlyCount "56"]
[EventDate "2018.12.15"]
[EventType "tourn"]
[EventRounds "9"]
[EventCountry "AUS"]
[EventCategory "1"]
[SourceTitle "CBM 187 Extra"]
[Source "ChessBase"]
[SourceDate "2018.11.04"]
[SourceVersion "1"]
[SourceVersionDate "2018.11.04"]
[SourceQuality "1"]

1. e4 d6 2. d4 g6 3. Nc3 Nf6 4. f4 Bg7 5. Nf3 0-0 6. Bd3 Nc6 7. e5 dxe5 8. fxe5 Ne8 9. Be3 Bg4 10. Be2 f6 11. exf6 exf6 12. 0-0 Nd6 13. Bf2 Re8 14. h3 Bd7 15. Qd2 Nf5 16. g4 Bh6 17. Qd3 Ne3 18. Bxe3 Bxe3+ 19. Kh2 f5 20. Nd5 Bxd4 21. g5 Be6 22. Nxd4 Bxd5 23. Nb5 a6 24. c4 Nb4 25. Qd2 Bc6 26. Nd4 Qd6+ 27. Qf4 Qxf4+ 28. Rxf4 Nc2 0-1